| Tag |
First Indicator |
Second Indicator |
Subfields |
| LEADER |
00000cam a2200000Ii 4500 |
| 001 |
in00003765331 |
| 005 |
20170927140211.0 |
| 008 |
160326s1941 txua s000 0 eng d |
| 035 |
|
|
|a (OCoLC)ocn945586189
|
| 035 |
|
|
|a (OCoLC)945586189
|
| 040 |
|
|
|a TXA
|b eng
|e rda
|c TXA
|d OCLCF
|d TXA
|d UtOrBLW
|
| 043 |
|
|
|a n-us---
|
| 049 |
|
|
|a TXAM
|
| 086 |
|
|
|a Z TA245.7 B874 no. B-98 [1941 revised]
|2 txdocs
|
| 090 |
|
|
|a S544.3.T4
|b T22 no. B-98 [1941 revised]
|
| 100 |
1 |
|
|a Regenbrecht, E. M.,
|e author.
|
| 245 |
1 |
0 |
|a Successful hog feeding /
|c by E.M. Regenbrecht, Extension Swine Husbandman.
|
| 264 |
|
1 |
|a College Station, Texas :
|b Extension Service,
|c 1941.
|
| 300 |
|
|
|a 16 pages :
|b illustrations ;
|c 23 cm.
|
| 336 |
|
|
|a text
|b txt
|2 rdacontent
|
| 337 |
|
|
|a unmediated
|b n
|2 rdamedia
|
| 338 |
|
|
|a volume
|b nc
|2 rdacarrier
|
| 490 |
1 |
|
|a [Bulletin] / Extension Service ;
|v B-98
|
| 500 |
|
|
|a "3-41 (rev.)"--Page 4 of cover.
|
| 550 |
|
|
|a In cooperation with the United States Department of Agriculture.
|
| 650 |
|
0 |
|a Swine
|x Feeding and feeds
|z United States.
|
| 650 |
|
3 |
|a swine.
|
| 650 |
|
3 |
|a swine feeding.
|
| 650 |
|
3 |
|a animal nutrition.
|
| 650 |
|
3 |
|a feed grains.
|
| 650 |
|
3 |
|a sow feeding.
|
| 650 |
|
3 |
|a nutrients.
|
| 650 |
|
7 |
|a Swine
|x Feeding and feeds.
|2 fast
|0 (OCoLC)fst01140452
|
| 651 |
|
7 |
|a United States.
|2 fast
|0 (OCoLC)fst01204155
|
| 710 |
2 |
|
|a Agricultural and Mechanical College of Texas.
|b Extension Service,
|e issuing body.
|0 http://id.loc.gov/authorities/names/no2009065583
|
| 710 |
1 |
|
|a United States.
|b Department of Agriculture,
|e issuing body.
|0 http://id.loc.gov/authorities/names/n79008243
|
| 830 |
|
0 |
|a Bulletin (Agricultural and Mechanical College of Texas. Extension Service) ;
|v B-98 [1941 revised].
|0 http://id.loc.gov/authorities/names/no2009065673
|
| 856 |
4 |
1 |
|z Available online via OAK Trust Repository
|u http://oaktrust.library.tamu.edu/handle/1969.1/156635
|t 0
|
| 994 |
|
|
|a C0
|b TXA
|
| 999 |
f |
f |
|s 82e55534-709f-3c87-ba86-95aff44649fa
|i 6928dfad-ca4b-3971-82f9-9eb794aa268d
|t 0
|
| 952 |
f |
f |
|a Texas A&M University
|b College Station
|c Sterling C. Evans Library
|d Evans: Library Stacks
|t 0
|e S544.3.T4 T22 no. B-98 [1941 revised]
|h Library of Congress classification
|
| 998 |
f |
f |
|a S544.3.T4 T22 no. B-98 [1941 revised]
|t 0
|l Evans: Library Stacks
|